[Event "BRA-ch sf"]
[Site "Recife"]
[Date "2010.11.02"]
[Round "7"]
[White "Azevedo, Eduardo Jose E"]
[Black "Carvalho, Maciel Moreira"]
[Result "0-1"]
[WhiteElo "1959"]
[BlackElo "1982"]
[PlyCount "110"]
[EventDate "2010.10.30"]
[EventType "swiss"]
[EventRounds "7"]
[EventCountry "BRA"]
[SourceTitle "EXT 2011"]
[Source "ChessBase"]
[SourceDate "2010.11.26"]
[SourceVersion "1"]
[SourceVersionDate "2010.11.26"]
[SourceQuality "1"]

1. d4 Nf6 2. Bg5 c6 3. Bxf6 gxf6 4. g3 d6 5. Bg2 Na6 6. e3 Bd7 7. Ne2 Qc7 8. a3 c5 9. 0-0 h5 10. h4 Bh6 11. Nbc3 Bg4 12. Qd2 Qd7 13. Kh2 0-0 14. Nd5 Rac8 15. Nec3 Nb8 16. Ne4 Qe6 17. c3 Kh8 18. Nf4 Bxf4 19. exf4 cxd4 20. cxd4 Qb3 21. Rac1 Bf3 22. Qe3 Qxe3 23. fxe3 Bxg2 24. Kxg2 Rc6 25. Rxc6 bxc6 26. Rc1 Rc8 27. Rc3 Rc7 28. Rb3 Nd7 29. Kf3 f5 30. Nc3 Nf6 31. e4 fxe4+ 32. Nxe4 Nxe4 33. Kxe4 e6 34. f5 Kg7 35. fxe6 fxe6 36. Kf4 Kh6 37. Re3 Rf7+ 38. Ke4 Kg6 39. Rc3 Rc7 40. Kf4 Kf6 41. Ke4 c5 42. dxc5 Rxc5 43. Rxc5 dxc5 44. b3 e5 45. Kd5 Kf5 46. Kxc5 Ke4 47. b4 Kd3 48. a4 e4 49. b5 e3 50. a5 e2 51. b6 axb6+ 52. axb6 e1Q 53. Kc6 Qe5 54. Kb7 Qxg3 55. Ka7 Qxh4 0-1

[Event "BRA-ch sf"]
[Site "Recife"]
[Date "2010.11.01"]
[Round "5"]
[White "Silva Filho, Silvio Pereira"]
[Black "Carvalho, Maciel Moreira"]
[Result "0-1"]
[WhiteElo "2039"]
[BlackElo "1982"]
[PlyCount "120"]
[EventDate "2010.10.30"]
[EventType "swiss"]
[EventRounds "7"]
[EventCountry "BRA"]
[SourceTitle "EXT 2011"]
[Source "ChessBase"]
[SourceDate "2010.11.26"]
[SourceVersion "1"]
[SourceVersionDate "2010.11.26"]
[SourceQuality "1"]

1. e4 e5 2. Nf3 Nf6 3. Nxe5 d6 4. Nf3 Nxe4 5. d4 Be7 6. Bd3 Bf5 7. 0-0 0-0 8. Re1 d5 9. c4 Bf6 10. Qb3 dxc4 11. Qxb7 cxd3 12. Qxa8 Bxd4 13. Rxe4 Bxe4 14. Qxe4 Re8 15. Qf4 Re2 16. Nbd2 Bxf2+ 17. Kh1 Qe7 18. h3 Re1+ 19. Kh2 Bc5 20. Nc4 Re4 21. Qf5 Rxc4 22. Qxd3 Qd6+ 23. Qxd6 cxd6 24. Bd2 Nc6 25. Re1 f6 26. Re8+ Kf7 27. Rc8 Ne5 28. Nxe5+ fxe5 29. Rd8 Rd4 30. Be3 Ke7 31. Rc8 Rc4 32. Bxc5 Rxc5 33. Rb8 Rc7 34. Kg3 Ke6 35. Kf3 Rf7+ 36. Ke3 Kd5 37. b4 Rc7 38. Kd3 e4+ 39. Ke3 Re7 40. a4 Ke5 41. a5 d5 42. a6 d4+ 43. Kd2 Kd5 44. Rb7 Kd6 45. Rb8 Rf7 46. Rd8+ Ke5 47. b5 Rf2+ 48. Ke1 Rb2 49. Re8+ Kd5 50. Re7 Rxb5 51. Rxa7 Ra5 52. Ra8 Kc4 53. a7 Kd3 54. Kf1 e3 55. g4 e2+ 56. Kf2 Kd2 57. Re8 d3 58. a8Q Rxa8 59. Rxa8 e1Q+ 60. Kg2 Qe4+ 0-1

[Event "Quixada Sertao 6th op"]
[Site "Quixada"]
[Date "2008.07.19"]
[Round "5.8"]
[White "Lima, Roberto Ferreira Jr"]
[Black "Carvalho, Maciel Moreira"]
[Result "1-0"]
[WhiteElo "2146"]
[BlackElo "1909"]
[PlyCount "71"]
[EventDate "2008.07.17"]
[EventType "swiss"]
[EventRounds "7"]
[EventCountry "BRA"]
[SourceTitle "EXT 2022"]
[Source "ChessBase"]
[SourceDate "2021.10.06"]
[SourceVersion "1"]
[SourceVersionDate "2021.10.06"]
[SourceQuality "1"]

1. d3 g6 2. g3 Bg7 3. Bg2 Nf6 4. e4 d6 5. Ne2 Nbd7 6. 0-0 0-0 7. Nd2 Ne5 8. f4 Nc6 9. Nf3 Ne8 10. c3 f5 11. h3 Rb8 12. Ng5 h6 13. Qb3+ e6 14. Nxe6 Bxe6 15. Qxe6+ Kh7 16. Be3 Bh8 17. g4 Ng7 18. Qb3 Qe7 19. Bf3 h5 20. gxf5 Nxf5 21. Bf2 Nh4 22. Bh1 Rxf4 23. Nxf4 Qg5+ 24. Kh2 Qxf4+ 25. Bg3 Qd2+ 26. Rf2 Qxd3 27. Rd1 Qe3 28. Qf7+ Bg7 29. Qf4 Qxf4 30. Rxf4 g5 31. Rf7 Rc8 32. Bxh4 gxh4 33. Rg1 Rg8 34. e5 Nxe5 35. Rxc7 Kh8 36. Bd5 1-0

[Event "Petrolina Cordioli Memorial op"]
[Site "Petrolina"]
[Date "2007.10.20"]
[Round "5"]
[White "Carvalho, Maciel Moreira"]
[Black "Pinheiro, Iung Alicio"]
[Result "0-1"]
[WhiteElo "1905"]
[BlackElo "2247"]
[PlyCount "108"]
[EventDate "2007.10.09"]
[EventType "swiss"]
[EventRounds "7"]
[EventCountry "BRA"]
[SourceTitle "EXT 2022"]
[Source "ChessBase"]
[SourceDate "2021.10.06"]
[SourceVersion "1"]
[SourceVersionDate "2021.10.06"]
[SourceQuality "1"]

1. d4 Nf6 2. c4 g6 3. Nc3 Bg7 4. Bg5 d6 5. Nf3 h6 6. Bf4 Nc6 7. g3 Nh5 8. Be3 Bd7 9. Bg2 a6 10. 0-0 0-0 11. Rc1 Rb8 12. b3 Kh7 13. Ne1 f5 14. f4 Nf6 15. h3 Na5 16. Bd2 Nh5 17. Kh2 Bxd4 18. e4 Ng7 19. Nf3 Ba7 20. Re1 Nc6 21. Be3 Bxe3 22. Rxe3 Rf7 23. e5 dxe5 24. Nxe5 Nxe5 25. Rxe5 e6 26. Rc2 Qe8 27. Ne2 Bc6 28. Rd2 Rd7 29. Bxc6 Rxd2 30. Qxd2 Qxc6 31. Re3 Re8 32. Ng1 Re7 33. Rd3 e5 34. fxe5 Rxe5 35. Nf3 Re7 36. Rd5 Qe6 37. Re5 Qf6 38. Rxe7 Qxe7 39. Kg2 Nh5 40. Kf2 Nf6 41. Qd4 Ne4+ 42. Kg2 Qd6 43. Qe5 Qxe5 44. Nxe5 Kg7 45. Nd3 Kf6 46. Kf3 a5 47. a3 Nd2+ 48. Ke3 Nxb3 49. a4 b6 50. Nf4 c6 51. Ne2 g5 52. Kd3 Ke5 53. Ke3 Nc5 54. Kf3 Nxa4 0-1